00452 a2200085 4500100001700000245010000017260008200117300004700199500012000246 aSarmad Sadik aMobile Agent Oriented Ontology Based Policies for Honey Bee Teamwork ArchitecturecSarmad Sadik aIslamabad :bNUST School of Electrical Engineering & Computer Science,c2010. axiii, 115 p. :bill. ;c27 cm. +e1 CD ROM aSupervisors : Dr. Arshad Ali, Dr. Hafiz Farooq Ahmad, Dr. Muhammad Akbar, Dr. S.M. Hassan Zaidi, Dr. Hiroki Suguri.